000 00481nam a2200181Ia 4500
001 9306
005 20260306161708.0
008 260306t1991||||xx |||||||||||||| ||spa||
041 _aESP
082 _a378.1
_bE79
100 _aAlfaro, Dante
_eAUT
245 0 _aLos discursos y la vida:
_breflexiones de un encuentro entre educadores populares y promotores
260 _c1991
300 _a220 páginas :
_c20 cm.
650 _aGEN
654 _aCED
942 _cLIB
_dJUS
_fJUS
_2ddc
_n
999 _c9306
_d9306